Manual de señas para la voz hablada expresiva /

Bibliographic Details
Main Author: Montello, Flavia (Author)
Other Authors: Cacheda, Micaela (contributor agent of text.), Verta, Ángeles (Illustrator)
Format: Electronic eBook
Language:Spanish
Published: Río Negro, Argentina : Editorial UNRN, 2023.
Subjects:
Online Access:Digitalia Hispánica

MARC

LEADER 00000nam a2200000Ii 4500
001 DIGEDUNRN0038
003 NyNyDIG
006 m o d
007 cr |||||||||||
008 250516s2023 ag a o 000 0 spa d
035 |a (OCoLC)1515100389 
040 |a DGITA  |b eng  |e rda  |e pn  |c DGITA 
020 |a 9789878258492  |q eBook 
020 |z 9789878258485 
050 1 4 |a PN1621 ebook 
100 1 |a Montello, Flavia,  |e author. 
245 1 0 |a Manual de señas para la voz hablada expresiva /  |c Flavia Montello ; colaboradoras/es, Micaela Cacheda [and 4 others] ; ilustradora, Ángeles Verta. 
264 1 |a Río Negro, Argentina :  |b Editorial UNRN,  |c 2023. 
300 |a 1 online resource :  |b illustrations. 
336 |a text  |b txt  |2 rdacontent 
337 |a computer  |b c  |2 rdamedia 
338 |a online resource  |b cr  |2 rdacarrier 
347 |a text file  |2 rdaft 
347 |b PDF 
588 0 |a Online resource; title from PDF title page (Digitalia, viewed May 16, 2025) 
650 0 |a Dramaturgy. 
650 0 |a Art, Modern. 
700 1 |a Cacheda, Micaela,  |e contributor agent of text. 
700 1 |a Verta, Ángeles,  |e illustrator. 
776 0 8 |i Print version:  |a Montello, Flavia.  |t Manual de señas para la voz hablada expresiva.  |d Río Negro, Argentina : Editorial UNRN, 2023  |z 9789878258485 
791 2 |a Digitalia (Firm),  |e distributor. 
793 0 |g Digitalia eBook Collection:  |a Editorial UNRN 
856 4 0 |3 Digitalia Hispánica  |u https://www.digitaliapublishing.com/a/173228/ 
910 |a Premium collection: 2025